Statistiques concernant N°9 of Ligue (2023/2024)

Cliquez ici pour prendre le quiz!

Statistiques générales

  • Ce quiz a été pris 51 fois
  • Le résultat moyen est 9 sur 15

Statistiques - réponses

CLUBAU CLUB DEPUISNATIONALITEJOUEUR% Correct
Paris Saint Germain2023-2024PortugalGoncalo Ramos
94%
LOSC Lille2020-2021CanadaJonathan David
92%
Olympique de Marseille2022-2023PortugalVitinha
90%
RC Lens2023-2024FranceElye Wahi
88%
OGC Nice2022-2023NigériaTerem Moffi
79%
RC Strasbourg Alsace2021-2022FranceKevin Gameiro
73%
AS Monaco2021-2022Pays-BasMyron Boadu
69%
Stade Rennais FC2022-2023FranceArnaud Kalimuendo
60%
Stade Brestois 292020-2021BéninSteve Mounié
54%
Toulouse FC2022-2023Pays-BasThijs Dallinga
54%
Havres Atheltic Club2023-2024GuinéeMohamed Bayo
40%
Stade de Reims2023-2024DanemarkMohamed Daramy
29%
Montpellier Hérault SC2023-2024JordanieMoussa Tamari
23%
Clermont Foot 632022-2023SerbieKomnen Andric
13%
FC Metz2023-2024ColombieOscar Estupinan
13%

Distribution des résultats

Percentile par nombre de réponses

% des personnes avec chaque résultat

Votre développement - résultats

Vous n’avez pas pris ce quiz